Civilná ochrana v Európskej únii Informačný deň organizovaný Európskou komisiou

Bibliographic Details
Main Author: Zupková, Viera (Author)
Format: Article
Language:Slovak
ISSN:1335-4094
Subjects:

MARC

LEADER 00000nab a2200000 ar4500
001 vtls008409235
003 SK-MaSNL
005 20260304035232.0
008 051111c2005 xo br|p|||||||000 b|slo
015 |a SNBRB2005/11  |2 snkbucl 
038 |a SNKBUCL 
040 |a SNKBUCL  |b slo  |c SNKBUCL  |e AACR2 
041 0 |a slo 
044 |a xo  |c SK 
080 |a 355.58:339.923(4)  |2 UDC-MRF-SK2 
080 |a 339.923(4)  |2 UDC-MRF-SK2 
100 1 |a Zupková, Viera  |4 aut  |9 375646 
245 1 0 |a Civilná ochrana v Európskej únii  |b Informačný deň organizovaný Európskou komisiou  |c Viera Zupková 
610 2 7 |a Európska únia  |2 snkbucl  |9 29861 
650 0 7 |a civilná ochrana  |2 snkbucl  |9 21936 
773 0 |t Civilná ochrana  |g Roč. 7., č. 2 (2005), s. 19  |x 1335-4094 
852 |a SNK  |b KIS3GCP 
999 |c 2656961  |d 2658891